00834nam a2200193 a 450000500170000000800410001702000220005805000220008010000180010224500580012026000400017830000100021844000160022850000510024452001730029565000330046899900190050195201200052020140414132102.0100722s19uu xx 00 eng d a978-1-59566-650-5 aM 612.8bH58 2008 aHewitt, Sally aMy brain :ban exciting way to learn about your body. aLaguna Hills, CA :bQEB pub,c2008. a24 p. aQEB My body aIncludes bibliographical references and index. a"An introduction to the brain and its many functions within the human body, including how it helps us breathe, move, sense, learn, and remember"--Provided by publisher. aBrain --Juvenile literature. c114503d114503 00104050aMUbMUcMd2010-07-22eBkRewardg75.00l0oM 612.8 H58 2008pM6352r2014-04-14 00:00:00w2014-04-14yBK